ProIN productivity and innovation

Saved in:
Bibliographic Details
Format: Serial
Language:Slovak
Published: Žilina CEIT 2018
Subjects:
Tags: Add Tag
No Tags, Be the first to tag this record!

MARC

LEADER 00000nas2a2200000 4500
001 0290719
005 20230131074148.8
022 |a 1339-2271 
041 0 |a slo 
044 |a SK 
245 1 0 |a ProIN  |b productivity and innovation 
264 1 |a Žilina  |b CEIT  |c 2018 
773 0 |w eu_un_cat*0166942 
610 2 0 |a produktivita 
610 2 0 |a zdroje ľudské 
610 2 0 |a inovácia